000 00334nam a22001697a 4500
003 UA-OsUOA
001 5649
007 ta
008 20050721b un ||||| |||| 00| 0 ukr d
100 _aCamus
700 _aAlbert
942 _cBK
040 _aUA-OsUOA
_cUA-OsUOA
_dUA-OsUOA
245 _aThe Plague
955 _a2
650 7 _2UDC
999 _c291811
_d291811